书目信息 |
| 题名: |
粮油化工产品化学与工艺学
|
|
| 作者: | 谢文磊 主编 | |
| 分册: | ||
| 出版信息: | 北京 科学出版社 1998.11 |
|
| 页数: | 389页 | |
| 开本: | 16开 | |
| 丛书名: | 高等院校选用教材系列 | |
| 单 册: | ||
| 中图分类: | TQ91 | |
| 科图分类: | ||
| 主题词: | 农产品--化学加工 | |
| 电子资源: | ||
| ISBN: | 7-03-007012-7 | |
| 000 | 00659nam0 2200217 45 | |
| 001 | 0103221674 | |
| 005 | 20031219104049.1 | |
| 010 | @a7-03-007012-7@dCNY38.00 | |
| 100 | @a20010322d1998 km y0chiy0120 ea | |
| 101 | 0 | @achi |
| 105 | @a z 000yy | |
| 200 | 1 | @a粮油化工产品化学与工艺学@ALiang You Hua Gong Chan Pin Hua Xue Yu Gong Yi Xue@f谢文磊主编@FXie Wen Lei Zhu Bian |
| 210 | @a北京@c科学出版社@d1998.11 | |
| 215 | @a389页@d16开 | |
| 225 | @a高等院校选用教材系列 | |
| 410 | @12001 @a高等院校选用教材系列 | |
| 606 | 0 | @a农产品@x化学加工 |
| 690 | @aTQ91@v3 | |
| 701 | 0 | @a谢文磊@4主编 |
| 801 | @aCN@bTSTC@c20010322 | |
| 905 | @b295904-906@dTQ91@e4@f3 | |
| 粮油化工产品化学与工艺学/谢文磊主编.-北京:科学出版社,1998.11 |
| 389页;16开.-(高等院校选用教材系列) |
| ISBN 7-03-007012-7:CNY38.00 |
| ● |
| 相关链接 |
|
|
|
|
正题名:粮油化工产品化学与工艺学
索取号:TQ91/4
 
预约/预借
| 序号 | 登录号 | 条形码 | 馆藏地/架位号 | 状态 | 备注 |
| 1 | 0295904 | 002959043 | 第三借阅区/ [索取号:TQ91/4] | 在馆 | |
| 2 | 0295905 | 002959052 | 第三借阅区/ [索取号:TQ91/4] | 在馆 | |
| 3 | 0295906 | 002959061 | 第二样本阅览室/ [索取号:TQ91/4] | 在馆 |